|
|
|
|
| LEADER |
01845nam a2200349 a 4500 |
| 001 |
21777 |
| 003 |
BD-DhAAL |
| 008 |
110125s2010 ii abf b 001 0 eng d |
| 999 |
|
|
|c 10389
|d 10389
|
| 010 |
|
|
|a 88900013
|
| 020 |
|
|
|a 9789848815069
|
| 020 |
|
|
|a 0195620437 :
|c Rs150.00
|
| 040 |
|
|
|a DLC
|c DLC
|d DLC
|d BD-DhAAL
|
| 043 |
|
|
|a a-bg---
|a a-ii---
|a e-uk-en
|
| 082 |
0 |
0 |
|a 330.9541405
|
| 100 |
1 |
|
|a Hossain, Hameeda.
|9 51113
|
| 245 |
1 |
4 |
|a The Company weavers of Bengal :
|b the East India Company and the organization of textile production in Bengal, 1750-1813 /
|c Hameeda Hossain.
|
| 260 |
|
|
|a Delhi ;
|a New York :
|b Oxford University Press ;
|a Dhaka :
|b University Press Ltd.,
|c 2010.
|
| 300 |
|
|
|a xvii, 211 p., [8] p. of plates :
|b ill., maps ;
|c 22 cm.
|
| 490 |
0 |
|
|a Oxford University South Asian studies series
|
| 500 |
|
|
|a Revision of the author's thesis (D. Phil.--Oxford University, 1982)
|
| 504 |
|
|
|a Includes bibliographical references (pages [195]-203) and index.
|
| 526 |
|
|
|a GenEd
|
| 541 |
1 |
|
|a Book Finder International
|e 21777, 39473
|
| 610 |
2 |
0 |
|a East India Company
|x History.
|9 51114
|
| 650 |
|
0 |
|a Cotton textile industry
|z India
|z Bengal
|x History.
|9 51115
|
| 651 |
|
0 |
|a Bengal (India)
|x Economic conditions.
|9 51116
|
| 852 |
|
|
|a Ayesha Abed Library
|c General Stacks
|
| 942 |
|
|
|2 ddc
|c BK
|
| 952 |
|
|
|0 0
|1 0
|2 ddc
|4 0
|6 338_476772109540000_HOS
|7 0
|9 14200
|a BRACUL
|b BRACUL
|c GEN
|d 2011-01-26
|l 2
|m 4
|o 338.47677210954 HOS
|p 3010021777
|r 2021-10-03
|s 2019-01-20
|t 1
|w 2011-01-26
|y BK
|
| 952 |
|
|
|0 0
|1 0
|2 ddc
|4 0
|6 330_954140500000000_HOS
|7 0
|9 22803
|a BRACUL
|b BRACUL
|c GEN
|d 2013-06-26
|g 495.00
|l 0
|o 330.9541405 HOS
|p 3010003409
|r 2013-06-26
|t 2
|w 2013-06-26
|y BK
|
| 952 |
|
|
|0 0
|1 0
|2 ddc
|4 0
|6 330_954140500000000_HOS
|7 0
|9 71524
|a SCL
|b SCL
|c GEN
|d 2022-08-03
|e Book Finder International
|g 402.22
|l 1
|o 330.9541405 HOS
|p 3020039473
|r 2025-11-08
|s 2025-11-08
|t 3
|v 0.00
|w 2022-08-03
|y BK
|